| 000 | 01296cam a2200373 a 4500 | ||
|---|---|---|---|
| 001 | 13160932 | ||
| 003 | EG-ScBUE | ||
| 005 | 20220209144352.0 | ||
| 008 | 030404s2003 enk f 000 1 eng d | ||
| 020 | _a0571215165 | ||
| 020 | _a9780571215164 | ||
| 035 | _a(UkLWHE)e000600598 | ||
| 040 |
_aDLC _beng _erda _cDLC _dDLC _dEG-ScBUE |
||
| 043 | _an-us-tx | ||
| 082 | 0 | 4 |
_a823.92 _222 _bPIE |
| 100 | 1 |
_aPierre, D. B. C., _eauthor. _924909 |
|
| 245 | 1 | 0 |
_aVernon God little : _ba 21st century comedy in the presence of death / _cD.B.C. Pierre. |
| 264 | 1 |
_aLondon : _bFaber and Faber, _c2003. |
|
| 300 |
_a279 pages ; _c24 cm |
||
| 336 |
_2rdacontent _atext _btxt |
||
| 337 |
_2rdamedia _aunmediated _bn |
||
| 338 |
_2rdacarrier _avolume _bnc |
||
| 586 | _aThe Man Booker Prize, 2003. | ||
| 586 | _aThe Whitbread Best First Novel Award, 2003. | ||
| 650 | 7 |
_aHigh school students _vFiction. _924910 _2BUEsh |
|
| 650 | 7 |
_aSchool violence _vFiction. _924911 _2BUEsh |
|
| 650 | 7 |
_aTeenage boys _vFiction. _924912 _2BUEsh |
|
| 650 | 7 |
_aMassacres _vFiction. _924913 _2BUEsh |
|
| 651 | 7 |
_aTexas _vFiction. _924914 _2BUEsh |
|
| 653 |
_cJune2011 _bHHUUEENN |
||
| 655 |
_vReading book _934232 |
||
| 942 |
_2ddc _cBB |
||
| 999 |
_c15570 _d15570 |
||